[Event "Dos Hermanas"]
[Site "Dos Hermanas"]
[Date "1994.??.??"]
[Round "7"]
[White "Polgar, Judit"]
[Black "Topalov, Veselin"]
[Result "1-0"]
[WhiteElo "2630"]
[BlackElo "2640"]
[Annotator "Polgar,J"]
[PlyCount "73"]
[EventDate "1994.04.??"]
[EventType "tourn"]
[EventRounds "9"]
[EventCountry "ESP"]
[EventCategory "16"]
[SourceTitle "CBM 041"]
[Source "ChessBase"]
[SourceDate "1994.08.01"]
[SourceVersion "1"]
[SourceVersionDate "1994.08.01"]
[SourceQuality "1"]

1. e4 {Ambroz} e6 2. d4 d5 3. e5 c5 4. c3 Nc6 5. Nf3 Bd7 6. Be2 f6 7. O-O Qb6
8. dxc5 Bxc5 9. b4 Be7 10. Bf4 (10. exf6 {Ambroz} Bxf6 11. b5 Na5 12. Be3 Qd8
13. Bd4 Nh6 $1 14. Bd3 O-O 15. Ne5 Bxe5 16. Bxe5 Nc4 17. Bxc4 dxc4 18. a4 Be8
$5 {Liepold-Muehl,T/2BLS 8889}) 10... fxe5 (10... Nh6 {Ambroz} 11. c4 (11. h3
Nf7 12. Be3 Qc7 13. exf6 Bxf6 14. Na3 O-O 15. Rc1 Rad8 16. Qb3 Kh8 17. Rfd1
Nfe5 18. Nd4 Qb8 19. Nxc6 Nxc6 20. b5 Ne7 21. c4 dxc4 22. Nxc4 b6 23. Bf3 Nf5
24. Rd3 e5 $36 {Meyer,CD-Saacke,B/BL 8081}) 11... Nf7 12. cxd5 Ncxe5 13. a3
Nxf3+ 14. Bxf3 e5 15. Be3 Qd8 16. Nc3 Nd6 17. Ne4 b6 18. Nc5 bxc5 19. bxc5 O-O
20. cxd6 Bxd6 21. Qd2 f5 22. Rfc1 e4 23. Be2 f4 24. Bc5 Bxc5 25. Rxc5 {
Mariotti,S-Kortschnoi,V/Thessaloniki ol (7)/1988/0.5 (40)}) 11. Nxe5 Nxe5 12.
Bxe5 Nf6 (12... Bf6 {Ambroz} 13. Bd3 g6 14. Qe2 Kf7 15. Nd2 Bxe5 16. Qxe5 Ne7
17. Nf3 Rhf8 18. Qg5 {>< e5} Qd6 19. Qh6 Rh8 20. Qe3 Nc8 21. Ne5+ $16 {Thipsay,
P-Kopp,B London 89}) 13. a4 a5 (13... O-O {Ambroz} 14. a5 Qd8 15. Nd2 Be8 $5 {
/\ Nd7}) 14. bxa5 (14. b5 {Ambroz} O-O 15. Nd2 Rac8 16. Bd3 Bd6 $5 $15 17. Nc4
$5 dxc4 18. Bxd6 cxd3 (18... Rfd8 19. Be7 (19. Bxc4 Rxc4 20. Be7 Nd5) 19...
cxd3 20. Bxd8 Rxd8 21. Qxd3 Be8) 19. Bxf8 Rxf8 20. Qxd3) 14... Rxa5 15. Nd2 O-O
16. Rb1 Qa7 17. Bb5 Bxb5 18. axb5 Ra2 19. Bd4 Qb8 20. Re1 (20. Qe2 $5 Ne4 (
20... e5 21. Bxe5 Rxd2 $2 (21... Bd6 22. Bxd6 Qxd6 23. Qd3 (23. h3 Qf4 (23...
Ne4 $2 24. Nxe4) 24. Qe6+ Kh8 25. Nf3 Re8 26. Qb6 $14) 23... Ng4 $1) 22. Qe1)
21. Qg4 Ng5 (21... e5 22. Qe6+ Rf7 23. Nxe4 exd4 24. Qxd5 $16) 22. Be3 (22. h4
Rxd2 23. hxg5 Rf5 24. Rfe1 $13) 22... Rf5 23. Ra1 $13 (23. Ra1 $13 {Ambroz}
Rxa1 24. Rxa1 Qe8 $13)) 20... Qf4 21. Re2 (21. Nf3 {Ambroz >< e5} Ne4 22. Ra1 (
22. Re2) 22... Rxa1 (22... Rfa8 23. Rxa2 Rxa2 24. Qb1 $5 {/\ c4}) 23. Qxa1 Bf6
(23... Bd6 $5) 24. Qa7 $10) 21... Bd6 22. g3 (22. Nf3 {Ambroz} Rxe2 23. Qxe2
Ne4 $36 {/\ Ng5}) 22... Qf5 23. f4 {[#]} Qd3 $2 (23... g5 $5) (23... g5 $5 {
Ambroz >< Rb1} 24. fxg5 Ng4 25. Rc1 e5 $5 26. Qb3 $140 exd4 27. Qxa2 d3 28. Rg2
Ne3 $44) (23... Ng4 {Ambroz} 24. Qe1 $13) 24. Rf2 Rfa8 25. Qe1 Qf5 26. Rd1 Qg4
27. Kg2 (27. Bxf6 {Ambroz} gxf6 28. Ne4 dxe4 (28... Be7 $5) 29. Rxa2 Rxa2 (
29... Bc5+ 30. Rf2 Bxf2+ (30... Ra2 31. Rd4) 31. Kxf2 Qh5) 30. Rxd6 Qh5 $17)
27... Nh5 28. Kh1 Rc2 29. Qe2 (29. Ne4 $5 Rxf2 30. Nxf2 (30. Nxf2 {Ambroz} Qf5
31. Qe2 Nf6 32. Re1 $14)) 29... Qh3 30. Qe3 Nf6 31. Re1 {[#]} Bf8 (31... Raa2
$5 32. Qxe6+ (32. Bxf6 gxf6 $17) 32... Qxe6 33. Rxe6 Ba3 $15 (33... Bf8 {Ambroz
} 34. Ree2 Ne4 35. Rxe4 dxe4 36. Nxe4 Rxf2 37. Nxf2 Ra5 $1 $17 38. b6 (38. c4
Ra4) 38... Bc5 $19)) 32. Bxf6 gxf6 33. Ne4 $1 Raa2 (33... Rxf2 34. Nxf2 $16)
34. Nxf6+ Kh8 $2 (34... Kf7 35. Nxh7 $1) (34... Kg7 35. Ne8+ Kf7 36. f5 $18)
35. Qe5 $1 $18 Rxf2 36. Ng4+ Kg8 37. Qxe6+ (37. Qxe6+ Kh8 (37... Kg7 38. Qe5+
Kg8 39. Qxd5+ Kg7 40. Nxf2) 38. Qe5+ Kg8 39. Qxd5+ Kh8 40. Nxf2 $18) 1-0

[Event "Las Palmas"]
[Site "Las Palmas"]
[Date "1994.??.??"]
[Round "3"]
[White "Illescas Cordoba, Miguel"]
[Black "Topalov, Veselin"]
[Result "1/2-1/2"]
[WhiteElo "2590"]
[BlackElo "2640"]
[PlyCount "85"]
[EventDate "1994.05.??"]
[EventType "tourn"]
[EventRounds "9"]
[EventCountry "ESP"]
[EventCategory "17"]
[SourceTitle "CBM 042"]
[Source "ChessBase"]
[SourceDate "1994.10.01"]
[SourceVersion "1"]
[SourceVersionDate "1994.10.01"]
[SourceQuality "1"]

1. e4 c5 2. Nf3 d6 3. Bb5+ Nd7 4. d4 Ngf6 5. Nc3 cxd4 6. Qxd4 g6 7. e5 dxe5 8.
Nxe5 Bg7 9. Bg5 a6 10. Nxd7 Bxd7 11. Bxd7+ Qxd7 12. Qxd7+ Nxd7 13. Nd5 Rc8 14.
O-O-O e6 15. Rhe1 h6 16. Bd2 Rc4 17. Bb4 Rd4 18. Rxd4 Bxd4 19. f4 Bf2 20. Re4
Kd8 21. Be7+ Kc8 22. Rc4+ Kb8 23. Bd6+ Ka7 24. Rc7 Nb8 25. Ne7 Rd8 26. c4 a5
27. Kc2 Ka6 28. c5 Nd7 29. c6 Nb8 30. Be5 Bb6 31. Rxb7 Nxc6 32. Nxc6 Kxb7 33.
Nxd8+ Bxd8 34. Kb3 f5 35. Kc4 Kc6 36. b3 g5 37. fxg5 Bxg5 38. h3 h5 39. Bc3 Bd8
40. Be5 Be7 41. Bc3 Kb6 42. Bd2 Bd6 43. Bg5 1/2-1/2

[Event "Las Palmas"]
[Site "Las Palmas"]
[Date "1994.??.??"]
[Round "6"]
[White "Epishin, Vladimir"]
[Black "Topalov, Veselin"]
[Result "1/2-1/2"]
[WhiteElo "2675"]
[BlackElo "2640"]
[Annotator "Stohl,I"]
[PlyCount "143"]
[EventDate "1994.05.??"]
[EventType "tourn"]
[EventRounds "9"]
[EventCountry "ESP"]
[EventCategory "17"]
[SourceTitle "CBM 042"]
[Source "ChessBase"]
[SourceDate "1994.10.01"]
[SourceVersion "1"]
[SourceVersionDate "1994.10.01"]
[SourceQuality "1"]

1. d4 Nf6 2. c4 e6 3. Nf3 c5 4. d5 exd5 5. cxd5 d6 6. Nc3 g6 7. e4 Bg7 8. h3
O-O 9. Bd3 b5 10. Nxb5 Re8 11. O-O Nxe4 12. Re1 a6 13. Na3 Nf6 (13... f5 $6 14.
Nc4 Nd7 15. Bxe4 fxe4 16. Nxd6 Rf8 17. Nxe4 Ne5 18. Nxe5 Bxe5 19. d6 Bd4 20.
Be3 $18 {Voiska,M-Birens,EA/Cappelle op/1993/}) 14. Rxe8+ Nxe8 15. Bg5 (15. Nc4
Nd7 16. Bf4 Ndf6 17. Bd2 Bb7 18. Ba5 Nc7 19. Ng5 Qe7 20. Qb3 Bxd5 21. Qb6 Nd7
$1 22. Qxc7 Qxg5 23. Ne3 Be6 24. Qxd6 Bxb2 25. Rd1 Bd4 $17 {Shvidler,L-Lev,R/
ISL-ch/1992/}) 15... Bf6 (15... Nf6 16. Qd2 Bb7 17. Bc4 Nbd7 18. Re1 Qf8 19. b3
Nb6 20. Bxf6 Bxf6 21. Nc2 Qd8 22. g3 Qd7 23. Kg2 Bg7 24. Qd3 Bc8 25. Ng1 Qd8
$15 {Sinkovics,P-Urban,K/Bagneux/1993/}) 16. Qd2 (16. Bxf6 Nxf6 17. Qd2 Bb7 18.
Bc4 Nbd7 19. b4 cxb4 20. Qxb4 Nb6 21. Rb1 Nxc4 22. Nxc4 Bxd5 23. Nd4 a5 24. Qb5
Qc7 25. Nb6 Rb8 26. Nxd5 Rxb5 27. Nxf6+ Kh8 28. Nxb5 Qc2 29. Na3 Qxa2 30. Rb8+
Kg7 $17 {Wohlfahrt,H-Palkovi,J/Budapest FS 04 IM/A/1994/}) 16... Bb7 17. Re1 (
17. Bc2 Nd7 18. Nc4 Bxg5 19. Nxg5 Ndf6 20. Ne3 h6 21. Ne4 Nxe4 22. Bxe4 Qg5 23.
g3 Nf6 $10 {Neverov,V-Berelovich,A/Sochi/1993/}) 17... Nd7 18. Be4 $1 Nb6 (
18... Ne5 19. Bf4 $14) (18... Bxg5 19. Nxg5 Ndf6 $5 {/\Nc7,h6<=>><d5}) 19. b3
Bxg5 20. Nxg5 Nf6 21. Nc4 $1 Nxc4 (21... Nbxd5 22. Na5 Nxe4 23. Nxe4 Qc7 24.
Nxb7 Qxb7 25. Qxd5 $1 $18) (21... Nxe4 22. Nxe4 $16 {><d6}) 22. bxc4 Bc8 23.
Bc2 Ra7 24. Qe3 {<->e} Rb7 (24... Kf8 $5 {/\Re7=}) 25. Ba4 Bd7 (25... Rb4 26.
Be8 $1 $40) (25... Kf8 $2 26. Nxh7+ $1 Nxh7 27. Qe8+ Qxe8 28. Rxe8+ Kg7 29.
Rxc8 $16) 26. Bc6 Bxc6 27. dxc6 Rc7 (27... Rb6 28. Qe7 (28. Ne4 Nxe4 29. Qxe4
Kg7 $1 $10) 28... Qxe7 29. Rxe7 Rxc6 30. Nxf7 $14) 28. Qf3 h6 (28... Kg7 29.
Rb1 $1 {/\Rb7} h6 30. Ne4 $16) 29. Ne4 Nxe4 30. Qxe4 Qa8 31. Qf4 Qf8 (31...
Qxc6 32. Qxh6 Rc8 $14 {/\Re8}) (31... Kg7 $5 32. Qxd6 Qxc6 33. Qe5+ Kh7 $10)
32. Qf3 Qa8 33. Qf6 Rxc6 34. Re7 $44 Qf8 35. Rd7 Qg7 36. Qd8+ Qf8 37. Qf6 Qg7
38. Qf3 Rb6 39. Qa8+ Kh7 40. Qe8 (40. g3 $5 Qg8 $8 41. Qa7 (41. Qd5 Kg7 42.
Rxd6 Rb1+ 43. Kh2 Qe8 44. Qf3 $1 Qe5 $8 45. Rxa6 $14) 41... Rb1+ 42. Kg2 Kg7
43. Qxa6 $14) 40... Qa1+ 41. Kh2 Qe5+ 42. Qxe5 dxe5 43. Rxf7+ Kg8 44. Re7 Rb2
45. Kg3 Rxa2 46. Rxe5 Kf7 $6 (46... Kg7 $1 $10) 47. Rxc5 a5 48. h4 h5 49. Kf3
$6 (49. f3 a4 50. Ra5 a3 51. Kf4 Rxg2 (51... Rc2 52. Rxa3 Rxc4+ 53. Kg5 {
/\Kh6+-}) 52. Rxa3 Rc2 53. Ra7+ Kf6 54. Ra6+ Kf7 55. Rc6 Rh2 56. Kg3 $14) 49...
a4 50. Ra5 a3 $10 51. Ke3 Rc2 52. Rxa3 Rxc4 53. g3 Kf6 54. f3 Rb4 55. Rd3 Ra4
56. Rd4 Ra5 57. Rc4 Ke5 58. Re4+ Kf5 59. Kd4 Kf6 60. Re8 Ra4+ 61. Ke3 Kf5 62.
Rf8+ Ke5 63. f4+ Ke6 64. f5+ gxf5 65. Rh8 f4+ 66. gxf4 Ra3+ 67. Ke2 Ra2+ 68.
Kd3 Ra3+ 69. Kd2 Ra2+ (69... Rf3 $1 $10) 70. Kc3 Ra3+ 71. Kd4 Ra4+ 72. Ke3
1/2-1/2

[Event "Las Palmas"]
[Site "Las Palmas"]
[Date "1994.??.??"]
[Round "8"]
[White "Morovic Fernandez, Ivan"]
[Black "Topalov, Veselin"]
[Result "1/2-1/2"]
[WhiteElo "2605"]
[BlackElo "2640"]
[PlyCount "81"]
[EventDate "1994.05.??"]
[EventType "tourn"]
[EventRounds "9"]
[EventCountry "ESP"]
[EventCategory "17"]
[SourceTitle "CBM 042"]
[Source "ChessBase"]
[SourceDate "1994.10.01"]
[SourceVersion "1"]
[SourceVersionDate "1994.10.01"]
[SourceQuality "1"]

1. e4 c5 2. Nf3 d6 3. Bb5+ Nd7 4. d4 Ngf6 5. Nc3 cxd4 6. Qxd4 e5 7. Qd3 h6 8.
Be3 Be7 9. Bc4 O-O 10. O-O-O a6 11. Bb3 b5 12. Nd5 Nxd5 13. Bxd5 Rb8 14. Ba7
Rb7 15. Bxb7 Bxb7 16. Nd2 Nf6 17. f3 d5 18. Bf2 Qc7 19. Rhe1 Rd8 20. Qb3 d4 21.
Kb1 Nd7 22. c3 Nc5 23. Qc2 d3 24. Qc1 Bc8 25. Bxc5 Qxc5 26. Nb3 Qc4 27. g3 Be6
28. Qd2 b4 29. Rc1 Qb5 30. Red1 a5 31. cxb4 axb4 32. Qe3 Qa6 33. Rc7 Bxb3 34.
axb3 Ra8 35. Qxd3 Qa2+ 36. Kc2 Bd8 37. Rc6 Bb6 38. Rxb6 Rc8+ 39. Kd2 Qxb2+ 40.
Ke1 Qxh2 41. Rxb4 1/2-1/2

[Event "Balkaniad"]
[Site "Varna"]
[Date "1994.??.??"]
[Round "3"]
[White "Topalov, Veselin"]
[Black "Ionescu, Constantin"]
[Result "0-1"]
[WhiteElo "2640"]
[BlackElo "2440"]
[PlyCount "122"]
[EventDate "1994.10.??"]
[EventType "team"]
[EventRounds "5"]
[EventCountry "BUL"]
[SourceTitle "EXT 1997"]
[Source "ChessBase"]
[SourceDate "1996.11.15"]
[SourceVersion "1"]
[SourceVersionDate "1996.11.15"]
[SourceQuality "1"]

1. d4 Nf6 2. Nf3 e6 3. g3 b5 4. Bg5 Bb7 5. Nbd2 Be7 6. e3 a6 7. a4 b4 8. Nb3 d6
9. Bg2 Nbd7 10. c3 bxc3 11. bxc3 Ra7 12. O-O Qa8 13. Re1 h6 14. Bxf6 Nxf6 15.
Nh4 Bxg2 16. Nxg2 O-O 17. Qd3 c5 18. dxc5 dxc5 19. Nd2 Rd8 20. Qc2 Qd5 21. Ra2
Rad7 22. Re2 Ng4 23. h3 Ne5 24. Ne1 c4 25. a5 Nd3 26. Nef3 e5 27. e4 Qe6 28.
Kg2 Rb7 29. Nf1 Bc5 30. Ne3 Bxe3 31. Rxe3 Rdb8 32. Qa4 Rb2 33. Re2 Rxa2 34.
Rxa2 Rb3 35. Rc2 Nc5 36. Qa1 Nxe4 37. Qe1 Qd5 38. Qe3 f6 39. Re2 Nxc3 40. Rd2
Qb7 41. Qc5 Ne4 42. Qxc4+ Kh7 43. Rd7 Qxd7 44. Qxb3 Qc6 45. Qb6 Qc2 46. Nh4 Qe2
47. Nf5 Nd2 48. Ne3 Qf3+ 49. Kg1 Ne4 50. Ng2 Qd1+ 51. Kh2 Qf1 52. Qe3 Nxf2 53.
g4 h5 54. g5 fxg5 55. Qxe5 Qd3 56. Qxg5 Qxh3+ 57. Kg1 Ne4 58. Qf4 Qe6 59. Qf3
g6 60. Ne3 Ng5 61. Qg3 Qe5 0-1

[Event "Cap d'Agde KO"]
[Site "Cap d'Agde"]
[Date "1994.??.??"]
[Round "6.3"]
[White "Leko, Peter"]
[Black "Topalov, Veselin"]
[Result "1/2-1/2"]
[WhiteElo "2555"]
[BlackElo "2645"]
[PlyCount "107"]
[EventDate "1994.10.??"]
[EventType "k.o. (rapid)"]
[EventRounds "3"]
[EventCountry "FRA"]
[SourceTitle "CBM 043 Extra"]
[Source "ChessBase"]
[SourceDate "1995.01.01"]
[SourceVersion "1"]
[SourceVersionDate "1995.01.01"]
[SourceQuality "1"]

1. e4 c5 2. Nf3 d6 3. d4 cxd4 4. Nxd4 Nf6 5. Nc3 a6 6. Be3 Ng4 7. Bg5 h6 8. Bh4
g5 9. Bg3 Bg7 10. Qd2 Nc6 11. Nb3 Be6 12. h4 gxh4 13. Bxh4 Qb6 14. O-O-O Rc8
15. f3 Bxc3 16. Qxc3 Nce5 17. Qd4 Qxd4 18. Nxd4 Ne3 19. Re1 Nxf1 20. Rexf1 Bd7
21. b3 f6 22. Kd2 Kf7 23. Bf2 Rcg8 24. Rh2 Nc6 25. Ne2 f5 26. exf5 Bxf5 27.
Rfh1 h5 28. g4 Bg6 29. gxh5 Bh7 30. Nd4 Rg5 31. Nxc6 bxc6 32. h6 Rhg8 33. c4
Rf5 34. Rh3 a5 35. R1h2 a4 36. Be3 axb3 37. axb3 c5 38. Kc3 Rf6 39. Kb2 Re6 40.
Bd2 Rg1 41. Rh4 Rf6 42. Rf2 Rfg6 43. Rf4+ Ke8 44. Kc3 Rxh6 45. Rg4 Rxg4 46.
fxg4 Rh3+ 47. Kb2 Rg3 48. g5 Be4 49. Rf4 Rg2 50. Kc3 Rg3+ 51. Kb2 Rg2 52. Kc1
Rg1+ 53. Kb2 Rg2 54. Kc3 1/2-1/2

[Event "Alcobendas m"]
[Site "Alcobendas"]
[Date "1994.??.??"]
[Round "6"]
[White "Illescas Cordoba, Miguel"]
[Black "Topalov, Veselin"]
[Result "1/2-1/2"]
[WhiteElo "2590"]
[BlackElo "2645"]
[Annotator "Ribli,Z"]
[PlyCount "60"]
[EventDate "1994.11.??"]
[EventType "match"]
[EventRounds "6"]
[EventCountry "ESP"]
[SourceTitle "CBM 045"]
[Source "ChessBase"]
[SourceDate "1995.04.01"]
[SourceVersion "1"]
[SourceVersionDate "1995.04.01"]
[SourceQuality "1"]

1. d4 Nf6 2. c4 g6 3. g3 c5 4. Nf3 cxd4 5. Nxd4 Nc6 6. Bg2 Bg7 7. O-O O-O 8.
Nc3 Ng4 9. e3 d6 10. b3 (10. Nce2 $5 Bd7 11. b3 Nxd4 12. Nxd4 Rb8 13. Bb2 $14 {
Topalov,V-Leko,P/Leon/1993/CBM36/INF60,(48)/}) 10... a6 11. Bb2 (11. Nce2 $5)
11... Nxd4 12. exd4 Rb8 13. a4 Nh6 14. Nd5 Nf5 15. a5 b5 16. axb6 (16. Nb6 Rxb6
17. axb6 Qxb6 $44 {Khalifman,A-Topalov,V/Elenite/1994/CBM44/}) 16... e6 (16...
Bb7 $5 $132) 17. Nb4 Rxb6 (17... Qxb6 18. Nc6 Rb7 19. b4 {/\ c5 +/=}) 18. Nc6 (
18. Qd2 $2 Nxd4 $1 19. Bxd4 Bxd4 20. Qxd4 Rxb4 $15) 18... Qc7 19. Na5 d5 $5 20.
Ba3 Rd8 (20... Bxd4 $2 21. Rc1 $44 (21. Bxf8 Bxa1 22. Qxa1 Kxf8 23. cxd5 $40))
21. Bc5 (21. cxd5 $5 exd5 (21... Nxd4 22. Rc1 $36) (21... Bxd4 22. Rc1 $36 {
>< c6}) 22. Rc1 Qd7 23. Bc5 Rb8 24. b4 $14) 21... Rb8 22. cxd5 exd5 23. b4 Bd7
$1 24. Re1 (24. Bxd5 $2 Bb5 $36) 24... Bb5 25. Qd2 Qd7 26. Qf4 Re8 27. h4 Bd3
28. Qd2 Bb5 29. Qf4 Bd3 30. Qd2 Bb5 {Ribli} 1/2-1/2

[Event "Pamplona 9495 5th"]
[Site "Pamplona"]
[Date "1994.??.??"]
[Round "?"]
[White "Topalov, Veselin"]
[Black "Magem Badals, Jordi"]
[Result "1/2-1/2"]
[WhiteElo "2630"]
[BlackElo "2520"]
[Annotator "Ftacnik,L"]
[PlyCount "63"]
[EventDate "1994.12.??"]
[EventType "tourn"]
[EventRounds "9"]
[EventCountry "ESP"]
[EventCategory "13"]
[SourceTitle "CBM 046"]
[Source "ChessBase"]
[SourceDate "1995.06.01"]
[SourceVersion "1"]
[SourceVersionDate "1995.06.01"]
[SourceQuality "1"]

1. e4 c6 2. d4 d5 3. exd5 cxd5 4. c4 Nf6 5. Nc3 e6 6. Nf3 Bb4 7. cxd5 Nxd5 8.
Qc2 Nc6 9. a3 Ba5 10. Bd3 Nxc3 11. bxc3 Nxd4 12. Nxd4 Qxd4 13. Bb5+ Bd7 14. O-O
Rc8 $1 {New move in a sharp position, white has also problems with exposed
pieces.} (14... Qd5 15. c4 Qf5 $1 16. Bxd7+ Kxd7 17. Qb2 $1 b6 18. Rd1+ Ke7 19.
Be3 $44 {Topalov,V-Tukmakov,V/Groningen/1993/}) 15. Rd1 Qxd1+ 16. Qxd1 Bxb5 17.
Qh5 a6 18. Bb2 $1 {Smart way to keep initiative firmly in hands. Black must
fight to coordinate his exposed pieces.} (18. a4 Bxc3 19. Rb1 Bc6 $15) 18...
O-O (18... Bb6 $6 19. c4 $1 $16) 19. c4 (19. a4 g6 20. Qe5 Bc7 21. Qf6 Bc4 $13)
19... Rxc4 20. a4 Rb4 $1 {Little artistic, but probably best. Black can not
afford to lose material.} (20... Rc2 21. Ba3 Bc3 22. Qc5 $1 $18) 21. Be5 $1 (
21. axb5 Rxb2 22. bxa6 Bb6 23. axb7 Bd4 $1 24. Rd1 e5 25. Qf3 Rb8 26. Rc1 g6
$17) (21. Qe5 Rxb2 22. Qxb2 Bc6 $13) (21. Bxg7 Kxg7 22. Qg5+ Kh8 23. Qf6+ Kg8
24. Qg5+ $10) (21. Bc3 Rxa4 22. Bxg7 (22. Rxa4 Bxc3 $15) 22... Kxg7 (22...
Rxa1+ 23. Bxa1 f6 24. Qg4+ Kf7 25. Qh4 Kg6 26. g4 $1 $40) 23. Qg5+ Kh8 24. Rxa4
Bxa4 25. Qxa5 Bb5 26. Qc7 $13) 21... Bc6 (21... Rxa4 $4 22. Rxa4 Bxa4 23. Qg4
f6 24. Qxa4 $18) (21... Bxa4 $2 22. Bxg7 Kxg7 23. Qxa5 Rc4 24. Qg5+ Kh8 25.
Qf6+ Kg8 26. h4 $18) 22. Bd6 $6 {Grabbing the exchange, but black will have
enough counterplay.} (22. Bxg7 Kxg7 23. Qg5+ Kh8 24. Qxa5 Rg4 25. f3 Rg6 26.
Rd1 $14) 22... Rd4 23. Bxf8 Rd5 24. Qh3 (24. Qxd5 Bxd5 25. Bd6 f6 $10) 24...
Kxf8 25. Qxh7 Bc3 26. Qh8+ Ke7 27. Rc1 Bf6 28. Qc8 (28. Qh3 $5) 28... a5 29. g3
g6 $1 30. h4 (30. Qc7+ Kf8 $10) 30... Be5 31. Rxc6 {Forced, as Rd8 threatened
to lock the queen on an unexpected square.} (31. Qg8 $2 Rd8 32. Qh7 Rh8 $19)
31... bxc6 32. Qxc6 1/2-1/2

[Event "Pamplona 9495 5th"]
[Site "Pamplona"]
[Date "1994.??.??"]
[Round "?"]
[White "Zvjaginsev, Vadim"]
[Black "Topalov, Veselin"]
[Result "1-0"]
[WhiteElo "2585"]
[BlackElo "2630"]
[Annotator "Zvjaginsev,V"]
[PlyCount "97"]
[EventDate "1994.12.??"]
[EventType "tourn"]
[EventRounds "9"]
[EventCountry "ESP"]
[EventCategory "13"]
[SourceTitle "CBM 046"]
[Source "ChessBase"]
[SourceDate "1995.06.01"]
[SourceVersion "1"]
[SourceVersionDate "1995.06.01"]
[SourceQuality "1"]

1. d4 {Ernst Stohl} Nf6 2. c4 c5 3. d5 b5 4. Nf3 g6 (4... Bb7 $142 {Ernst}) 5.
Qc2 (5. cxb5 {Stohl} a6 6. Qc2 Bg7 7. Qxc5 $5 O-O 8. Nc3 d6 9. Qc4 axb5 10.
Nxb5 Nbd7 11. e3 Bb7 12. Qc2 Nxd5 13. Bd2 Qb6 14. Be2 Rfc8 15. Qb1 Nc5 16. O-O
Ba6 17. a4 Nxa4 18. Qd3 Nc7 19. Rxa4 Bxb5 20. Rxa8 Rxa8 21. Qb3 Qa6 $15 {
Sokolov,I-Khalifman,A/Wijk aan Zee op/1995/}) (5. a4 {Stohl} b4 6. b3 Bg7 7.
Bb2 O-O 8. Nbd2 e6 9. dxe6 fxe6 10. e4 d6 11. Bd3 e5 12. h3 Nc6 13. Bf1 Bh6 14.
g3 Bb7 15. Bg2 Qe7 16. O-O Rf7 17. Qe2 Raf8 18. Ne1 Nh5 19. Nd3 Na5 20. Nc1 Ng7
$15 {Dufek,J-Vodicka,V/CR-chT2 9495/1995/}) 5... bxc4 6. e4 Bg7 7. Bxc4 d6 8.
O-O O-O (8... Bg4 {Stohl} 9. Nfd2 $5 $14 {/\f3,Be2,Nc4,|^[+]}) 9. h3 (9. Nc3 {
Stohl} Nbd7 10. h3 Rb8 (10... Nb6 {Stohl} 11. Be2 e6 $13 (11... Ne8 {Ernst} 12.
Bf4 Nc7 13. Rfd1 Bb7 14. a4 $14 {Klebel,M-Borgo,G/Baden-Baden/1990})) 11. Re1
Rb4 12. Bf1 Ne8 13. Bd2 Nc7 14. Nd1 Rb8 15. Bc3 Ba6 16. Bxg7 Kxg7 17. Bxa6 Nxa6
18. Ne3 Qa5 19. Nc4 Qb4 20. a3 Qb3 21. Qe2 Nc7 22. Nfd2 Qa4 23. b3 Qa6 24. Qd3
Nb6 $10 {Szymczak,Z-Wach,M/Bohemians Prague B/1989/}) 9... Nbd7 (9... Ba6 10.
Na3 $1 Nfd7 11. Nb5 Nb6 12. Be2 $14) (9... Nfd7 $5 {Stohl /\Nb6,Na6-c7,e6<=>})
10. Rd1 Nb6 11. Be2 e6 (11... Ne8 $5 12. Bf4 f5 13. e5 Nc7 14. Nc3 Bb7 15. Qb3
$13) 12. dxe6 Bxe6 (12... fxe6 {Stohl} 13. e5 $16) 13. Nc3 (13. e5 Nfd5) 13...
Qe7 14. Bg5 h6 15. Bh4 (15. Bxf6 Bxf6 16. Qd2 Bg7 17. Qxd6 Qxd6 18. Rxd6 Rfd8
19. Rad1 (19. Rxd8+ {Stohl} Rxd8 20. Rc1 Bxc3 21. Rxc3 Na4 $1 22. Ra3 Nxb2 23.
Rxa7 c4 $44) 19... Rxd6 20. Rxd6 Bxc3 21. bxc3 Bxa2 22. Ba6 $10) (15. Bf4 {
Stohl} d5 $10) 15... Rad8 (15... g5 16. Bg3 d5 $10 (16... d5 {Stohl} 17. exd5
Nfxd5 18. Nxd5 Nxd5 19. Bc4 $36 {׻})) 16. Re1 $5 (16. a4 Rb8 $1 17. Bg3 Ne8
$13) (16. Rd2 {Stohl} g5 $5 17. Bg3 d5 $132) 16... g5 (16... Qc7 $5 {Ernst})
17. Bg3 Nh5 (17... Qb7 $6 {Stohl} 18. Bxd6 $1 Rxd6 19. e5 $36) 18. Bh2 f5 (
18... Nf4) (18... Nf4 {Stohl} 19. Bxf4 gxf4 20. Rad1 $14) 19. exf5 Bxf5 20. Qd1
d5 21. g4 Be4 22. gxh5 Qf7 (22... Bxc3 23. bxc3 Qf7 24. Bg3 Bxf3 25. Bxf3 Qxf3
26. Re6 $16 (26. Qxf3 {Stohl} Rxf3 27. Re6 Rxc3 28. Rxh6 Re8 $5 $13)) 23. Nxe4
(23. Bd6 Bxc3 (23... Rxd6 24. Nxe4) 24. Bxf8 Rxf8 (24... Bxe1 25. Bxc5 $16) 25.
bxc3 g4 $5 26. hxg4 Qf4 27. Kh1 Nc4 28. Rg1 Nd2 29. Rg3 Nxf3 30. Bxf3 Bxf3+ 31.
Qxf3 Qxf3+ 32. Rxf3 Rxf3 33. Rd1 Rxf2 $10) 23... dxe4 24. Qc2 (24. Nd2 {Stohl}
Bxb2 $17 {/\Qf2,Ba1,Bc3}) 24... exf3 25. Bf1 $14 Qxh5 (25... Rfe8 26. Re4 $14)
(25... Bd4 $142 $5 {Stohl}) 26. Re7 Rf7 (26... Nd5 27. Rxa7 Nf4 28. Bxf4 Rxf4
29. Re1 $16) 27. Rae1 Bd4 28. Bc7 $1 $18 Rdf8 29. Bxb6 axb6 30. Bc4 Qh4 $8 (
30... Qxh3 31. Bxf7+ Kh8 (31... Rxf7 32. Qg6+ Rg7 33. Re8#) 32. Qh7+ $1 $18 (
32. Qh7+ $1 {Stohl} Kxh7 33. Be6+ $18)) 31. Bxf7+ Kh8 32. R1e3 $1 (32. Be6 $4 {
Stohl} Qg3+) 32... Qxh3 (32... Bxe3 33. Rxe3 Qxh3 (33... Rxf7 34. Qg6 Rf8 (
34... Qf4 {Stohl} 35. Re8+ Rf8 36. Qxh6+ Kg8 37. Rxf8+ Qxf8 38. Qxf8+ Kxf8 39.
Kh2 $18) 35. Re7) 34. Qc3+ Kh7 35. Rxf3 $18) 33. Qh7+ Kxh7 34. Be6+ Kg6 35.
Bxh3 Bxe3 36. Rxe3 h5 37. Bd7 g4 38. Re6+ Kg5 (38... Rf6 {Stohl} 39. Be8+ Kg5
40. Rxf6 Kxf6 41. Bxh5 $18) 39. Rxb6 $6 (39. Re5+ $1 Kh4 (39... Kh6 $5 {
Stohl /\} 40. Be8 h4 41. Rh5+ Kg7 42. Bd7 Rd8 $1 43. Bxg4 Rd1+ 44. Kh2 Rd2 45.
Bxf3 Rxf2+ 46. Bg2 Rxb2 $10) 40. Be8 Rh8 41. Kh2 Rh6 42. b3 Rh8 43. a4 Rh6 44.
a5 bxa5 45. Rxc5 Rh8 46. Re5 $18) 39... Rf4 40. Rc6 $2 (40. Rb5 $1 Rc4 41. b4
Rd4 42. bxc5 $1 {/\42...Rd7 43.c6/}) 40... Rc4 41. b4 Rxb4 $2 (41... Rc1+ 42.
Kh2 c4 43. Rc5+ Kf4 44. Rf5+ (44. Rxh5 {Stohl} Rf1 $13) 44... Ke4 45. Rxh5 Rf1
46. Bxg4 Rxf2+ 47. Kh3 Rxa2 $14) 42. Rxc5+ $1 $18 Kh4 43. Be8 g3 44. Rxh5+ Kg4
45. Rb5 Rd4 46. Bh5+ Kf4 47. fxg3+ Kxg3 48. Rg5+ Kh4 49. Rg4+ $1 1-0

[Event "Olympiad-31"]
[Site "Moscow"]
[Date "1994.12.12"]
[Round "11.1"]
[White "Kortschnoj, Viktor Lvovich"]
[Black "Topalov, Veselin"]
[Result "1/2-1/2"]
[WhiteElo "2615"]
[BlackElo "2645"]
[PlyCount "79"]
[EventDate "1994.12.01"]
[EventType "team-swiss"]
[EventRounds "14"]
[EventCountry "RUS"]
[SourceTitle "CBM 045"]
[Source "ChessBase"]
[SourceDate "1995.04.01"]
[SourceVersion "1"]
[SourceVersionDate "1995.04.01"]
[SourceQuality "1"]
[WhiteTeam "Switzerland"]
[BlackTeam "Bulgaria"]
[WhiteTeamCountry "SUI"]
[BlackTeamCountry "BUL"]

1. d4 Nf6 2. c4 c5 3. d5 b5 4. Nf3 g6 5. cxb5 a6 6. bxa6 Bg7 7. Nc3 Bxa6 8. e4
Bxf1 9. Kxf1 d6 10. h3 Nbd7 11. g3 Nb6 12. Kg2 Qd7 13. Qb3 Qb7 14. Qb5+ Nfd7
15. a4 Qa6 16. Bd2 Nc4 17. Rhc1 Nxd2 18. Nxd2 Qc8 19. Qe2 O-O 20. Nc4 Qb7 21.
Nb5 f5 22. Rd1 f4 23. Rd3 fxg3 24. fxg3 Ne5 25. Nxe5 Bxe5 26. Rb3 Qa6 27. Raa3
Qa5 28. Rf3 c4 29. h4 Rac8 30. Rxf8+ Rxf8 31. Rf3 Rxf3 32. Kxf3 Qxa4 33. Nc3
Qa1 34. Nd1 Qc1 35. Kg2 Bd4 36. Kh3 Bxb2 37. Nxb2 c3 38. Nd3 Qh1+ 39. Kg4 c2
40. Kf4 1/2-1/2